000 00326nam a2200133Ia 4500
005 20251222141820.0
008 251222s9999||||xx |||||||||||||| ||spa||
082 _a519.7/Y89/1974
100 _aYu Chuen Tao, Luis
245 0 _aAplicaciones Prácticas del PERT y CPM:
250 _a5ta.ed.
264 _bDeustuo
942 _cLIB
999 _c6777
_d6777